| 000 | 01133nam a2200337 i 4500 | ||
|---|---|---|---|
| 001 | 000048366 | ||
| 003 | DO-SdBNP | ||
| 005 | 20251030144229.0 | ||
| 007 | ta | ||
| 008 | 190213s2016 dr r 000 0 spa d | ||
| 020 | _a9789945484229 | ||
| 040 |
_aDO-SdBNP _bspa _cBNPHU _erda |
||
| 041 | _aspa | ||
| 082 | 4 |
_aRD861.5 _bF633a _222 |
|
| 100 | 1 |
_aFlorentino, Ysabel, _d1981- _eautor _4aut. _943165 |
|
| 245 | 1 | 0 |
_aÁngeles grises : _bpoesía / _cYsabel Florentino. |
| 264 | 4 |
_aSan Cristóbal, República Dominicana : _bFundación Literaria Aníbal Montaño (FLAM), Inc., _c©2016. |
|
| 300 |
_a56 páginas ; _c24 cm. |
||
| 336 |
_atexto _btxt _2rdacontent |
||
| 337 |
_asin mediación _bn _2rdamedia |
||
| 338 |
_avolumen _bnc _2rdacarrier |
||
| 490 | 1 | _aSerie La poética del Barrio | |
| 490 | 1 | _aColección Marca Provincia | |
| 500 | _aFLAM 20 Aniversario 1997-2017 | ||
| 590 | _aInventariado, 2019 / DG | ||
| 650 | 4 | _aPoesía dominicana | |
| 650 | 4 | _aLiteratura dominicana | |
| 830 | 0 |
_aSerie La poética del Barrio _pColección Marca Provincia _988736 |
|
| 910 | _aValidado. Control de calidad MFF | ||
| 942 |
_2ddc _cLBS1 |
||
| 999 |
_c47854 _d47854 |
||